[Event "17th Aeroflot Open-A 2019"]
[Site "Moscow"]
[Date "2019.02.23"]
[Round "5.7"]
[White "Antipov, Mikhail Al."]
[Black "Deac, Bogdan-Daniel"]
[Result "1/2-1/2"]
[WhiteElo "2589"]
[BlackElo "2603"]
[Annotator "TA"]
[PlyCount "48"]
[EventDate "2019.02.19"]
[EventCountry "RUS"]
[SourceTitle "playchess.com"]
[Source "ChessBase"]
[SourceQuality "1"]

{[%evp 10,48,12,0,13,0,9,1,35,0,0,-11,-11,-11,-9,-9,-9,-2,-11,-11,-16,-18,-17,-19,-20,-25,-22,-42,-16,-40,-38,-45,-44,-33,-33,-33,0,-16,0,0,0]} 1. Nf3 d5 2. g3 g6 3. Bg2 Bg7 4. d4 Nf6 5. O-O O-O 6. Bf4 {LiveBook: 203 Games} b6 {D02: 1 d4 d5 2 Nf3 sidelines, including 2...Nf6 3 g3 and 2...Nf6 3 Bf4} (6... Nbd7 7. Nbd2 b6 8. Ne5 Bb7 9. c3 c5 10. Qa4 e6 11. Rfd1 a6 12. Rac1 b5 13. Qa3 Qb6 14. Nb3 Rfc8 {½-½ (63) Short,N (2678)-McShane,L (2640) London 2017}) 7. Qc1 Bb7 8. c4 $146 ({Predecessor:} 8. Rd1 Na6 9. c4 Rc8 10. Ne5 c6 11. Nc3 e6 12. Bh6 Qe7 13. Qg5 Rfe8 14. Qh4 Bxh6 15. Qxh6 {1-0 (35) Ammann,W (2305)-Mikhalchishin,A (2500) Bern 1995}) 8... Nbd7 9. Ne5 Rc8 10. Nc3 {[%cal Rc4d5]} c5 11. Nxd5 Nxd5 12. cxd5 Bxd5 13. Bxd5 Nxe5 14. Bb7 Rc7 15. Bxe5 Bxe5 16. dxe5 {[#] Black must now prevent Rd1.} Rxb7 17. Rd1 Rd7 18. Qc2 Qc7 19. Rxd7 Qxd7 $11 {KQR-KQR} 20. Rd1 Qe6 21. f4 Qxa2 22. Rd7 e6 (22... Qe6 $5 {[%cal Re6d7]} 23. Rxa7 Rd8 $11) 23. Kf2 Qa1 24. h4 Qh1 {Precision: White = 66%, Black = 37%.} 1/2-1/2

[Event "17th Aeroflot Open-A 2019"]
[Site "Moscow"]
[Date "2019.02.23"]
[Round "5.8"]
[White "Donchenko, Alexander"]
[Black "Wang, Hao"]
[Result "1/2-1/2"]
[WhiteElo "2600"]
[BlackElo "2714"]
[Annotator "TA"]
[PlyCount "113"]
[EventDate "2019.02.19"]
[EventCountry "RUS"]
[SourceTitle "playchess.com"]
[Source "ChessBase"]
[SourceQuality "1"]

{[%evp 18,113,42,0,0,0,10,22,25,26,56,15,116,0,13,0,11,-6,0,-62,-68,-61,-66,-64,-60,-52,-61,-69,-72,-57,-22,-28,-26,-31,-37,-45,0,0,0,9,6,0,0,0,0,0,0,0,58,66,66,66,63,61,78,77,77,77,76,77,76,70,69,69,70,8,8,10,18,8,111,76,75,41,77,8,8,8,8,8,8,8,8,8,8,8,8,8,8,8,8,8,8,0,0,0,0,0]} 1. Nf3 Nf6 2. c4 g6 3. Nc3 Bg7 4. e4 O-O 5. d4 d6 6. Be2 e5 7. Be3 h6 8. h3 exd4 9. Nxd4 Re8 10. Qc2 Qe7 {[%cal Rf6e4] E92: King's Indian: Classical: 6 Be2 e5: 7 dxe5, 7 Be3 and Petrosian System without 7...Nbd7} 11. Bf3 c5 12. Nde2 Be6 13. b3 Nc6 14. Qd2 {[#]} g5 $146 (14... Kh7 $1 $11) ({Predecessor:} 14... Kh7 15. Rd1 Rad8 16. g3 a6 17. a4 Nd4 18. Bxd4 cxd4 19. Nxd4 {0-1 (38) Hort,V (2545)-Nunn,J (2590) Krefeld 1986}) 15. g3 (15. Rd1 $16) 15... a6 $11 16. Rd1 Rad8 17. Bg2 b5 $1 {[%cal Rb5c4]} 18. cxb5 (18. h4 $1 $11) 18... axb5 $15 19. O-O b4 20. Nd5 Bxd5 $1 21. exd5 Ne5 22. Qc2 Ng6 23. Rde1 Ne4 24. Bc1 f5 25. Kh2 Qf7 26. f4 gxf4 (26... Ra8 $15) 27. Nxf4 $11 Nxf4 28. Rxf4 Qxd5 29. Bxe4 Rxe4 30. Rexe4 fxe4 31. Rxe4 Rf8 32. Bf4 Qf5 (32... Rf6 $11) 33. Bxd6 $14 Qf2+ 34. Qxf2 Rxf2+ {[%mdl 4096] Endgame KRB-KRB} 35. Kg1 Rxa2 36. Bxc5 Rc2 37. Bd6 Rd2 38. Bf4 Rd1+ 39. Kg2 Bc3 40. Bxh6 Rb1 41. Bf4 ({Better is} 41. Be3 $14) 41... Rb2+ $11 42. Kf3 Rxb3 43. Kg4 Kf7 (43... Rb1 $1 $11) 44. Be5 Bd2 45. Bd6 Rb1 $1 46. Bf4 ({White should try} 46. Re7+ $16 Kf6 47. h4) 46... Bc3 {The position is equal.} 47. Be5 Re1 $1 {[%cal Re1e4]} 48. Rxe1 Bxe1 {KB-KB} 49. Kf3 b3 $1 50. g4 Kg6 51. Ke2 Bg3 52. Bd4 {[#] And now Kd2 would win.} Kg5 53. Kd3 {Strongly threatening Kc3.} Kh4 54. Kc3 Bf4 55. Kxb3 Kxh3 56. Kc4 Kxg4 57. Kc3 {Accuracy: White = 56%, Black = 78%.} 1/2-1/2

[Event "17th Aeroflot Open-A 2019"]
[Site "Moscow"]
[Date "2019.02.23"]
[Round "5.9"]
[White "Mamedov, Rauf"]
[Black "Petrosian, Tigran L."]
[Result "1/2-1/2"]
[WhiteElo "2703"]
[BlackElo "2595"]
[Annotator "TA"]
[PlyCount "120"]
[EventDate "2019.02.19"]
[EventCountry "RUS"]
[SourceTitle "playchess.com"]
[Source "ChessBase"]
[SourceQuality "1"]

{[%evp 16,120,32,16,18,16,29,36,31,3,27,16,23,27,20,15,12,8,21,14,14,3,12,14,12,4,12,0,10,0,0,0,0,-19,-31,-82,-76,-102,-115,-122,-118,-100,-93,-246,-170,-249,-77,-127,-103,-110,-82,-78,-77,-72,-66,-80,-24,-15,-20,-20,0,0,0,-21,-24,-1104,-24,-8,-8,-8,-8,-8,-8,-8,-8,-8,-8,-8,-8,-8,-11,-11,0,0,0,0,0,0,0,0,0,0,0,0,0,0,0,0,0,0,0,0,0,0,0,0,0]} 1. e4 e5 2. Bc4 Nf6 3. d3 Nc6 4. Nf3 Bc5 5. c3 O-O 6. O-O d6 7. Re1 h6 8. Nbd2 a6 9. Bb3 Re8 {C54: Giuoco Piano: 4 c3 Nf6, main lines with 5 d4 and 5 d3} 10. Nf1 Be6 (10... Ba7 11. Ng3 Be6 12. Bxe6 Rxe6 13. d4 d5 14. Nxe5 Nxe5 15. dxe5 Nxe4 16. Nxe4 dxe4 17. Bf4 Qxd1 18. Raxd1 {½-½ (40) McShane,L (2664)-Jones,G (2682) London 2018}) 11. Bxe6 fxe6 {White is slightly better.} 12. d4 Bb6 13. Be3 Ng4 (13... Nxe4 $6 14. d5 $16) 14. dxe5 Bxe3 15. Nxe3 Ngxe5 16. Nxe5 $146 ({Predecessor:} 16. Nd4 Qd7 17. f4 Nf7 18. Nf3 Rf8 19. Qb3 Ne7 20. Rad1 c6 {½-½ (20) Kuczynski,R (2492)-Szymanski,P (2213) Ustron 2003}) 16... Nxe5 17. f4 Nd7 18. Rf1 Rf8 19. Qd4 Qe7 20. Rad1 Kh8 21. e5 d5 22. c4 c5 23. Qd3 d4 24. Nc2 g5 $36 {[%mdl 2048] White is under pressure.} 25. Qg6 (25. b4 $15) 25... gxf4 $17 26. Qxh6+ Qh7 27. Qxe6 Rae8 28. Qd6 {Threatens to win with e6.} Nxe5 29. Rde1 $2 (29. Ne1 $17) 29... Qf5 30. Kh1 (30. b3 $142) 30... Nd3 $2 ({Stronger than} 30... Nxc4 31. Qh6+ Qh7 32. Qg5 $11) (30... d3 $19 {is more deadly.} 31. Na3 f3 32. Qh6+ Qh7 33. Qxh7+ Kxh7) 31. Rxe8 Rxe8 32. b4 Ne5 33. Ne1 Nxc4 34. Qh6+ Kg8 35. bxc5 Nd2 (35... d3 $1 $17 36. Nxd3 Qxd3 37. Qxf4 Ne5) 36. Rg1 $11 Ne4 {[%cal Re4f2]} 37. Rf1 Nd2 (37... Re6 $5 38. Qh4 $8 Qg5 39. Qxg5+ Nxg5 $11) 38. Rg1 Ne4 {[%cal Re4f2]} 39. Rf1 Re7 (39... Re6 $5 40. Qh4 $8 Qg5 41. Qxg5+ Nxg5 $11) 40. Rxf4 $2 {[%mdl 8192] [#]} (40. Qh4 $11 Qg5 41. Qxg5+ Nxg5 42. Nd3) 40... Nf2+ $2 (40... Ng5 $1 $19 {[%mdl 512]} 41. Nd3 {[#]} Qxf4 $1 {[%mdl 512]} 42. Qg6+ Kf8 43. Qh6+ Ke8 44. Qh5+ Nf7) 41. Kg1 Ng4 {The position is equal.} 42. Rxf5 {[%csl Gh6][%cal Rf5f8]} Rxe1+ ({Reject} 42... Nxh6 $6 43. Rg5+ Kf7 44. Kf2 $16) 43. Rf1 Rxf1+ (43... Nxh6 $2 {is the wrong capture.} 44. Rxe1 Kf7 45. Re4 $18) 44. Kxf1 {Qg6+ would kill now.} Nxh6 {[%mdl 4096] Endgame KN-KP} 45. Ke2 Kf7 46. Kd3 Nf5 {aiming for ...Ke6.} 47. g4 Nh4 {And now ...Nf3 would win.} 48. Kxd4 Nf3+ 49. Kd5 Ke7 50. c6 b6 51. h3 Nh4 52. g5 Ng6 53. c7 Kd7 54. c8=Q+ Kxc8 {KN-K3P} 55. Kc6 b5 56. Kb6 Kd7 57. Kxa6 Kc6 58. a3 Nh4 59. Ka5 Kc5 {...Ng6 is the strong threat.} 60. Ka6 Kc6 {Accuracy: White = 58%, Black = 61%.} 1/2-1/2

[Event "17th Aeroflot Open-A 2019"]
[Site "Moscow"]
[Date "2019.02.23"]
[Round "5.10"]
[White "Nabaty, Tamir"]
[Black "Svane, Rasmus"]
[Result "1/2-1/2"]
[WhiteElo "2688"]
[BlackElo "2599"]
[Annotator "TA"]
[PlyCount "74"]
[EventDate "2019.02.19"]
[EventCountry "RUS"]
[SourceTitle "playchess.com"]
[Source "ChessBase"]
[SourceQuality "1"]

{[%evp 13,74,-6,-4,-12,-13,-51,-62,-49,-25,-33,-10,-5,-2,-40,-49,-35,-27,-42,-35,-54,-52,-64,-25,-36,-43,-31,-10,-14,-12,-12,-10,-12,-5,0,0,-12,-10,-8,0,0,0,0,0,0,0,0,6,0,0,0,0,0,0,0,0,0,0,0,0,0,0,-1,0]} 1. d4 d5 2. c4 c6 3. Nf3 Nf6 4. Nbd2 Bf5 {[%cal Bc8f5,Bf5e4,Be4d5][%mdl 32]} 5. Nh4 Be4 6. Qb3 {D11: Slav Defence: 3 Nf3 sidelines and 3...Nf6 4 e3 Bg4} Qb6 7. e3 e6 {LiveBook: 3 Games} 8. Be2 Qxb3 $146 ({Predecessor:} 8... Be7 9. Nxe4 dxe4 10. g3 c5 11. Bd2 cxd4 12. exd4 Nc6 13. Bc3 O-O-O {1-0 (49) Mamedyarov,S (2808)-So,W (2778) Leuven 2018}) 9. Nxb3 (9. axb3 {looks sharper.} Bb4 10. O-O a5 11. Nhf3 Bf5 12. Ne1) 9... dxc4 10. Bxc4 Bd5 11. Nd2 c5 12. dxc5 Bxc5 13. a3 Nbd7 14. b4 {[#] Bxd5 is the strong threat.} Be7 15. Bb2 a5 16. Ke2 axb4 17. axb4 O-O 18. b5 Bxc4+ 19. Nxc4 Nd5 20. Nf3 {The position is equal.} Nc5 21. Rxa8 Rxa8 22. Ra1 Rxa1 23. Bxa1 Ne4 24. b6 (24. Nd4 {feels hotter.} Bc5 25. Nb3 Bb4 26. Nba5 b6 27. Nb7) 24... Bc5 25. Bd4 Bxd4 26. Nxd4 $11 {[%mdl 4096] Endgame KNN-KNN} Nec3+ 27. Kd3 {[#] Hoping for e4.} Na4 28. Nd6 Naxb6 29. Nxb7 Kf8 30. g3 Nb4+ 31. Kc3 N4d5+ 32. Kb3 Nf6 33. f3 $1 e5 34. Nf5 e4 35. fxe4 Nxe4 36. Kc2 $1 g6 37. Nfd6 Nxd6 {Precision: White = 59%, Black = 69%.} 1/2-1/2

[Event "17th Aeroflot Open-A 2019"]
[Site "Moscow"]
[Date "2019.02.23"]
[Round "5.11"]
[White "Nihal Sarin"]
[Black "Sjugirov, Sanan"]
[Result "1/2-1/2"]
[WhiteElo "2578"]
[BlackElo "2663"]
[Annotator "TA"]
[PlyCount "28"]
[EventDate "2019.02.19"]
[EventCountry "RUS"]
[SourceTitle "playchess.com"]
[Source "ChessBase"]
[SourceQuality "1"]

{[%evp 11,28,-2,0,-11,8,14,5,13,17,7,0,0,0,3,17,0,8,0,0]} 1. c4 c5 2. Nf3 Nc6 3. Nc3 Nf6 4. g3 d5 5. d4 e6 6. Bg2 dxc4 {[%cal Rc5d4] The position is equal.} 7. Qa4 {A34: Symmetrical English: 2 Nc3, lines with ...d5} Bd7 8. Qxc4 (8. dxc5 Bxc5 9. O-O O-O 10. Qxc4 Be7 11. Rd1 Rc8 12. Be3 a6 13. Rac1 b5 14. Qf4 Qc7 15. Qxc7 Rxc7 16. Bf4 Rcc8 17. Bd6 Bxd6 18. Rxd6 Rfd8 19. Ng5 Kf8 20. Nge4 Nxe4 21. Nxe4 {0-1 (50) Harika,D (2511)-Ju,W (2558) Huaian 2016}) 8... b5 9. Qd3 $1 ({Stronger than} 9. Nxb5 Na5 $17) 9... c4 10. Qc2 Rc8 11. O-O ({Don't blunder} 11. Nxb5 $2 Nb4 $19) 11... Be7 12. Bg5 ({Don't go for} 12. Nxb5 $2 Nb4 $19) 12... a6 13. Rad1 $146 ({Predecessor:} 13. Rfd1 O-O 14. Ne5 Nb4 {½-½ (60) Bako,V (2235)-Fancsy,I (2400) Budapest 1994}) 13... O-O 14. a3 h6 1/2-1/2

[Event "17th Aeroflot Open-A 2019"]
[Site "Moscow"]
[Date "2019.02.23"]
[Round "5.12"]
[White "Zvjaginsev, Vadim"]
[Black "Vaibhav, Suri"]
[Result "1/2-1/2"]
[WhiteElo "2642"]
[BlackElo "2575"]
[Annotator "TA"]
[PlyCount "101"]
[EventDate "2019.02.19"]
[EventCountry "RUS"]
[SourceTitle "playchess.com"]
[Source "ChessBase"]
[SourceQuality "1"]

{[%evp 9,101,22,18,0,12,0,5,-52,0,-13,43,35,35,39,35,8,24,17,22,0,12,-8,61,-29,-9,-38,0,0,23,16,17,0,0,0,0,-20,25,31,32,39,36,39,48,25,47,0,0,0,0,0,0,0,0,-24,-27,-34,-52,-108,-55,-74,-72,-145,-146,-337,-304,-331,-159,-143,-151,-171,0,0,100,98,175,177,177,168,126,0,0,0,150,0,0,0,0,0,0,0,0,0,0,0]} 1. e4 c6 2. Nc3 d5 3. Nf3 Bg4 4. d4 Nf6 5. h3 Bxf3 6. gxf3 {B11: Caro-Kann: Two Knights Variation} (6. Qxf3 dxe4 7. Qe3 Nbd7 8. Nxe4 Nxe4 9. Qxe4 g6 10. Be2 Bg7 11. O-O O-O 12. Rd1 Re8 13. c3 Qc7 14. d5 c5 15. Bf4 Be5 16. Be3 Rac8 17. a4 {½-½ (44) Bacrot,E (2715)-Ponomariov,R (2699) Biel 2017}) 6... e6 7. Be3 Bb4 8. a3 $146 (8. Qd3 $11) ({Predecessor:} 8. Qd3 Nbd7 9. e5 Nh5 10. O-O-O Qa5 11. a3 Be7 12. Be2 g6 {1-0 (55) De Seroux,C (2175)-Zairbek Kyzy,B (1770) Batumi 2018}) 8... Ba5 (8... Bxc3+ $5 9. bxc3 dxe4 $11) 9. Qd3 O-O ({Black should play} 9... Bxc3+ $11 10. bxc3 Nbd7) 10. Rg1 Nbd7 11. O-O-O Rc8 12. Na4 Kh8 13. Be2 Bc7 14. Rg5 Qe7 15. Rdg1 Ne8 (15... g6 $11) 16. Nc5 (16. h4 $14) 16... Nxc5 $11 17. dxc5 Rd8 18. exd5 cxd5 19. Kb1 b6 20. cxb6 (20. c6 {is more complex.} Bh2 21. R1g2 Bd6 22. Qc3 f6 23. Rh5) 20... Bxb6 21. Bxb6 axb6 22. R5g4 e5 23. Rb4 Nc7 24. f4 e4 25. Qc3 {[%csl Gg1][%cal Rc3g7]} f5 26. Rxb6 d4 27. Qb3 Nd5 28. Rb7 Rd7 29. Rxd7 Qxd7 30. Rd1 Nxf4 31. Qb4 {[%cal Rb4f8]} Rd8 $36 {[%mdl 2048] Black has some pressure.} 32. Bb5 Qa7 33. h4 ({Better is} 33. Qb3 $15) 33... h6 (33... d3 $17 34. Qd2 Nh3) 34. a4 d3 {[%mdl 64] [#] Discovered Attack} 35. cxd3 (35. Qe1 $142) 35... Qxf2 $17 36. Ka2 $2 (36. h5 $17 {keeps fighting.}) 36... e3 $19 (36... Qxh4 $2 37. a5 $19) ({Don't play} 36... Nxd3 37. Qc3 $19) (36... exd3 $2 37. Qd2 $19) 37. Qe7 Rc8 (37... Rg8 $19 {has better winning chances.} 38. Qe5 e2) 38. Qd7 $17 {[#]} Rf8 $1 {...e2 is the strong threat.} 39. Rc1 {Threatens to win with Rc8.} e2 $2 (39... Qxh4 $19 {Hoping for ...Qf6.} 40. Rc8 Qf6) 40. Rc8 $1 $11 {[%cal Rc8f8]} Ng6 (40... Rxc8 $11 41. Qxc8+ Kh7 42. Qxf5+ Kh8) 41. Bc4 {Threatening mate with Rxf8+.} Qxh4 (41... e1=Q $16 {was necessary.} 42. Rxf8+ Nxf8) 42. Rxf8+ $18 Nxf8 43. Qf7 {[%csl Gc4][%cal Rf7g8]} Kh7 44. Qg8+ Kg6 45. Qf7+ Kh7 46. Qxf8 (46. Qxf5+ $16 Ng6 47. Qe6) 46... e1=Q $11 {The position is equal.} 47. Qxf5+ Kh8 48. Qf8+ Kh7 49. Qf5+ Kh8 50. Qc8+ Kh7 51. Qf5+ {Accuracy: White = 39%, Black = 41%.} 1/2-1/2

[Event "17th Aeroflot Open-A 2019"]
[Site "Moscow"]
[Date "2019.02.23"]
[Round "5.13"]
[White "Ganguly, Surya Shekhar"]
[Black "Yakubboev, Nodirbek"]
[Result "1/2-1/2"]
[WhiteElo "2636"]
[BlackElo "2569"]
[Annotator "ChessBase"]
[PlyCount "89"]
[EventDate "2019.02.19"]
[EventCountry "RUS"]
[SourceTitle "playchess.com"]
[Source "ChessBase"]
[SourceQuality "1"]
[TimeControl "40/5400+30:1800+30"]

1. Nf3 {[%emt 0:02:27]} Nf6 {[%emt 0:03:18]} 2. g3 {[%emt 0:00:13]} d5 {[%emt 0:01:34]} 3. Bg2 {[%emt 0:00:10]} c6 {[%emt 0:11:55]} 4. O-O {[%emt 0:00:16]} Bf5 {[%emt 0:02:49]} 5. d3 {[%emt 0:00:08]} h6 {[%emt 0:00:57]} 6. c4 {[%emt 0:00:29]} e6 {[%emt 0:02:39]} 7. Qb3 {[%emt 0:02:32]} Qb6 {[%emt 0:03:38]} 8. Nc3 {[%emt 0:00:07]} Nbd7 {[%emt 0:00:57]} 9. cxd5 {[%emt 0:00:09]} Qxb3 {[%emt 0:01:42]} 10. axb3 {[%emt 0:00:06]} exd5 {[%emt 0:00:04]} 11. e4 {[%emt 0:26:31]} dxe4 {[%emt 0:00:15]} 12. dxe4 {[%emt 0:00:06]} Be6 {[%emt 0:02:07]} 13. Nd4 {[%emt 0:03:03]} Bc5 {[%emt 0:03:04]} 14. Nce2 {[%emt 0:05:49]} Bb6 {[%emt 0:06:40]} 15. Be3 {[%emt 0:12:26]} Ng4 {[%emt 0:00:34]} 16. Bd2 {[%emt 0:00:37]} Nc5 {[%emt 0:04:27]} 17. Bc3 {[%emt 0:08:03]} O-O {[%emt 0:09:32]} 18. b4 {[%emt 0:02:39]} Nb3 {[%emt 0:02:34]} 19. Nxb3 {[%emt 0:02:36]} Bxb3 {[%emt 0:00:04]} 20. Bf3 {[%emt 0:00:49]} Nf6 {[%emt 0:06:20]} 21. Nd4 {[%emt 0:01:01]} Bc4 {[%emt 0:01:06]} 22. Rfe1 {[%emt 0:00:38]} Rfd8 {[%emt 0:01:33]} 23. Nf5 {[%emt 0:03:44]} Ne8 {[%emt 0:00:57]} 24. h4 {[%emt 0:08:41]} Be6 {[%emt 0:05:16]} 25. Kg2 {[%emt 0:01:48]} Rd7 {[%emt 0:01:49]} 26. g4 {[%emt 0:00:52]} f6 {[%emt 0:01:23]} 27. Rh1 {[%emt 0:02:45]} Nd6 {[%emt 0:03:48]} 28. Nxd6 {[%emt 0:02:26]} Rxd6 {[%emt 0:00:48]} 29. Rhd1 {[%emt 0:02:06]} Rad8 {[%emt 0:00:28]} 30. Be2 {[%emt 0:02:42]} Rxd1 {[%emt 0:00:31]} 31. Rxd1 {[%emt 0:01:51]} Rxd1 {[%emt 0:00:52]} 32. Bxd1 {[%emt 0:00:02]} Bc7 {[%emt 0:00:01]} 33. Bd4 {[%emt 0:00:42]} b6 {[%emt 0:02:48]} 34. Kf3 {[%emt 0:02:55]} Be5 {[%emt 0:02:55]} 35. Bxe5 {[%emt 0:00:45]} fxe5 {[%emt 0:00:01]} 36. g5 {[%emt 0:00:15]} hxg5 {[%emt 0:00:03]} 37. hxg5 {[%emt 0:00:06]} Kf7 {[%emt 0:00:44]} 38. Kg3 {[%emt 0:00:27]} Ke7 {[%emt 0:01:06]} 39. f4 {[%emt 0:00:29]} exf4+ {[%emt 0:00:03]} 40. Kxf4 {[%emt 0:00:00]} Kd6 {[%emt 0:00:00]} 41. e5+ {[%emt 0:00:35]} Kc7 {[%emt 0:00:56]} 42. Ke4 {[%emt 0:00:57]} Kd7 {[%emt 0:01:36]} 43. Kd4 {[%emt 0:01:05]} Ke7 {[%emt 0:01:24]} 44. Bf3 {[%emt 0:00:47]} Kd7 {[%emt 0:00:55]} 45. Bd1 {[%emt 0:00:09]} 1/2-1/2

[Event "17th Aeroflot Open-A 2019"]
[Site "Moscow"]
[Date "2019.02.23"]
[Round "5.14"]
[White "Indjic, Aleksandar"]
[Black "Fier, Alexandr"]
[Result "0-1"]
[WhiteElo "2630"]
[BlackElo "2561"]
[Annotator "TA"]
[PlyCount "164"]
[EventDate "2019.02.19"]
[EventCountry "RUS"]
[SourceTitle "playchess.com"]
[Source "ChessBase"]
[SourceQuality "1"]

{[%evp 13,164,0,12,0,14,0,0,0,-7,-14,-14,-10,-8,-1,0,0,0,0,0,0,0,0,0,-6,-5,0,0,0,0,0,0,0,0,0,6,0,0,0,0,0,0,0,0,-30,-10,-25,-36,-46,-24,-45,-45,-50,-40,-70,-82,-68,-32,-54,-51,-135,-143,-206,0,0,0,-118,-113,-99,-88,-88,-86,-79,-1,-79,-77,-77,-54,-54,-20,-134,-130,-193,-219,-206,-80,-87,-22,-19,-27,-64,-54,-152,-139,-210,-204,-362,-340,-318,-357,-331,-323,-375,-371,-371,-269,-325,-210,-190,-205,-173,-91,-323,-323,-321,-169,-320,-318,-313,-313,-298,-311,-271,-304,-302,-275,-299,-275,-275,-271,-279,-242,-245,-210,-29957,-29948,-29958,-12456,-29964,-29969,-29968,-29968,-29967,-29958,-29978,-29979,-29979,-29979,-29984,-29985,-29985,-29986,-29996,-29997]} 1. d4 Nf6 2. Nf3 e6 3. c4 b6 4. a3 Bb7 5. Nc3 d5 6. Bg5 Be7 7. Qa4+ Qd7 8. Qc2 {E12: Queen's Indian: Unusual White 4th moves, 4 a3, 4 Nc3 Bb7 5 a3 and 4 Nc3 Bb7} c5 (8... dxc4 9. e3 Bxf3 10. gxf3 b5 11. a4 c6 12. Rg1 a6 13. f4 g6 14. Bg2 Ra7 15. b3 cxb3 16. Qxb3 {1-0 (53) Dreev,A (2653)-Ivanchuk,V (2726) Riadh 2017}) 9. cxd5 (9. e3 {keeps more tension.} O-O 10. dxc5 bxc5 11. cxd5 exd5 12. Bd3) 9... Nxd5 10. Ne5 {The position is equal.} Qd8 $146 ({Predecessor:} 10... Qc8 11. Bxe7 Kxe7 12. dxc5 Qxc5 13. Nxd5+ Bxd5 14. Qxc5+ bxc5 15. Rc1 f6 {1-0 (38) Meinhardt,G (1948)-Bungter,H (1872) Dresden 2006}) 11. Bxe7 Qxe7 12. Nxd5 exd5 13. Qa4+ Nc6 14. e3 {Bb5 is the strong threat.} O-O 15. Nxc6 Qe8 $1 16. dxc5 bxc5 17. Qb5 Qxc6 18. Qxc6 Bxc6 19. Rc1 c4 {[#]} 20. b3 $1 {[%mdl 512]} Rab8 (20... cxb3 21. Rxc6) 21. bxc4 dxc4 22. Bxc4 Bxg2 23. Rg1 Bf3 24. Rg3 Ba8 25. Rg4 Rfc8 26. Rd4 Kf8 27. Kd2 Ke7 28. Kc3 Bc6 29. Rg1 g6 30. h4 Ba4 31. Re4+ Kf8 32. Rf4 Rc7 33. h5 {With the idea hxg6.} Kg7 34. hxg6 hxg6 35. Kd4 Rb2 36. Rg5 {[#]} (36. e4 $15) 36... f5 $1 $17 {[%mdl 512]} 37. e4 (37. Ke5 $17) (37. Rfxf5 Rd2+) 37... Rd7+ $2 (37... Rc2 $1 $19 {[%cal Rc2c4]} 38. Bd5 Kf6) 38. Ke5 $11 Re7+ 39. Be6 (39. Kd6 $11 Rd7+ 40. Ke5 fxe4 41. Rfg4) 39... fxe4 $1 $17 {Strongly threatening ...Rb6.} 40. Kd6 Reb7 {Hoping for ...R2b6+.} 41. Ra5 R2b6+ $1 42. Ke5 Bc6 ({Better is} 42... Bc2 $1 $17 43. Rc5 Bb3) 43. Kd4 (43. Rc5 $11) 43... Re7 44. Bd5 Bxd5 45. Kxd5 {[%mdl 4096] Endgame KRR-KRR} Rb2 46. Ra4 (46. Kd4 $11 {remains equal.}) 46... Rd2+ 47. Kc6 (47. Kc4 $17) 47... g5 $19 48. Rf5 Kh6 (48... Re6+ $1 $19 {has better winning chances.} 49. Kc7 Kh6 50. Rxa7 e3 51. fxe3 Re7+ 52. Kb6 Rb2+ 53. Ka6 Re6+ 54. Ka5 g4) 49. Raa5 $17 Rg7 (49... Re6+ $17 50. Kc5 e3 51. fxe3 g4) 50. Rae5 $11 Rd4 51. Kb5 Rg6 52. a4 (52. Re7 $15) 52... Kh5 $1 $17 53. Rf7 (53. a5 $17) 53... a6+ $19 54. Ka5 $2 (54. Kc5 Rxa4 55. Rf8) 54... Kh4 55. Rff5 Kg4 56. Rf8 Kh3 57. f3 exf3 58. Rxf3+ Kg4 59. Rf1 Kh5 60. Rh1+ Rh4 $1 {[%cal Rh4h1]} 61. Rhe1 Rf6 ({Black should play} 61... Rc4 $1 $19 62. Rf5 Kh6 63. Rh1+ Rh4) 62. R1e4 $2 (62. Rc5 $17 {is a better defense.}) 62... Kg6 63. Re1 Kh6 (63... Rhf4 $142 64. Re8 g4 65. Rg8+ Kh7) 64. Rg1 $2 (64. Re8) 64... Rg6 65. Rg3 g4 {White must now prevent ...Rh5.} 66. Re4 Rh5+ $1 67. Kb4 Rhg5 68. Kc3 Kh5 69. Kd2 Rb6 70. Ke1 Rb2 71. Kf1 Rc5 72. Rge3 Kh4 73. Re2 $2 (73. Re6 $19) 73... Rxe2 74. Rxe2 {KR-KR} Rc4 (74... Rc1+ $142 75. Kf2 Ra1 76. Re6 Ra2+ 77. Ke3 Rxa4 78. Re8 Kh3 79. Rh8+ Kg2 80. Rb8 g3 81. Rh8 Ra3+ 82. Ke2 a5 83. Rh7 Kg1 84. Rh3 a4 85. Rh4 g2 86. Rg4 Kh2 87. Kd1 g1=Q+ 88. Rxg1 Kxg1 89. Kd2 Kf2 90. Kc1 Rb3 91. Kd2 Kf3 92. Kd1 Rb2 93. Kc1 a3 94. Kd1 a2 95. Ke1 a1=Q#) 75. Ra2 Kh3 {Black mates.} 76. Ra1 Kh2 $1 77. Ra2+ Kh1 $1 78. Kf2 {[#]} Rc3 $1 79. Ra1+ Kh2 80. Ra2 g3+ 81. Kf1+ {[#]} Kh1 $1 82. Ra1 Rc2 {Accuracy: White = 44%, Black = 69%.} 0-1

[Event "17th Aeroflot Open-A 2019"]
[Site "Moscow"]
[Date "2019.02.23"]
[Round "5.15"]
[White "Abdusattorov, Nodirbek"]
[Black "Sarana, Alexey"]
[Result "1/2-1/2"]
[WhiteElo "2560"]
[BlackElo "2630"]
[Annotator "ChessBase"]
[PlyCount "55"]
[EventDate "2019.02.19"]
[EventCountry "RUS"]
[SourceTitle "playchess.com"]
[Source "ChessBase"]
[SourceQuality "1"]
[TimeControl "40/5400+30:1800+30"]

1. e4 {[%emt 0:00:00]} c5 {[%emt 0:00:00]} 2. Nf3 {[%emt 0:00:00]} d6 {[%emt 0:00:00]} 3. Bb5+ {[%emt 0:00:14]} Nd7 {[%emt 0:00:01]} 4. d4 {[%emt 0:00:28]} cxd4 {[%emt 0:00:12]} 5. Qxd4 {[%emt 0:00:08]} a6 {[%emt 0:00:15]} 6. Bxd7+ {[%emt 0:01:14]} Bxd7 {[%emt 0:00:02]} 7. c4 {[%emt 0:00:50]} e5 {[%emt 0:00:11]} 8. Qd3 {[%emt 0:00:22]} b5 {[%emt 0:00:16]} 9. Nc3 {[%emt 0:01:30]} bxc4 {[%emt 0:00:11]} 10. Qxc4 {[%emt 0:00:05]} Be6 {[%emt 0:00:05]} 11. Qd3 {[%emt 0:01:20]} h6 {[%emt 0:00:56]} 12. O-O {[%emt 0:00:33]} Nf6 {[%emt 0:00:06]} 13. Nd2 {[%emt 0:06:07]} Qc7 {[%emt 0:00:38]} 14. Rd1 {[%emt 0:00:57]} Be7 {[%emt 0:00:07]} 15. Nf1 {[%emt 0:00:18]} O-O {[%emt 0:00:07]} 16. Ne3 {[%emt 0:00:26]} Rfc8 {[%emt 0:01:10]} 17. Bd2 {[%emt 0:01:55]} Qb7 {[%emt 0:00:27]} 18. b3 {[%emt 0:02:14]} Bd8 {[%emt 0:02:44]} 19. Rac1 {[%emt 0:05:58]} Bb6 {[%emt 0:04:32]} 20. Ncd5 {[%emt 0:04:51]} Bxd5 {[%emt 0:07:37]} 21. exd5 {[%emt 0:02:19]} Rxc1 {[%emt 0:16:52]} 22. Bxc1 {[%emt 0:01:25]} Bxe3 {[%emt 0:00:16]} 23. Bxe3 {[%emt 0:00:51]} Rc8 {[%emt 0:00:14]} 24. h3 {[%emt 0:01:35]} Qb5 {[%emt 0:03:56]} 25. Qf5 {[%emt 0:03:44]} Qd7 {[%emt 0:00:12]} 26. Qd3 {[%emt 0:08:18]} Qb5 {[%emt 0:00:05]} 27. Qf5 {[%emt 0:01:10]} Qd7 {[%emt 0:00:02]} 28. Qd3 {[%emt 0:00:51]} 1/2-1/2